| 000 | 00569nam a2200169Ia 4500 | ||
|---|---|---|---|
| 008 | 090201s9999 xx 000 0 und d | ||
| 010 | _aKPL-55755 | ||
| 040 | _bमराठी | ||
| 041 | _aमराठी | ||
| 082 |
_a41402 _b55755 |
||
| 100 | _aशरदचंद्र वाळींबे | ||
| 245 |
_aहिंदूस्थानी _cशरदचंद्र वाळींबे |
||
| 260 |
_c2004 _bशांती पब्लिकेशन्स |
||
| 300 |
_a352 _bमोठा |
||
| 600 | _aहिंदूस्थानी | ||
| 942 | _cBOOK | ||
| 999 |
_c238609 _d238609 |
||